000 01302cam a2200301 4500
001 ABS67940
008 040617n2004 000 0 eng u
035 _a(Sirsi) u126504
100 _aFranklin, K.
245 _aCeiling collapse tests the limits of insurance policy's liability
260 _c2004
490 _aArchitects' Journal
_v219(20) 20 May 2004, 46(1)
520 _aDiscusses "Horbury Building Systems Ltd v Hampden Insurance NV" ([2004] EWCA Civ 418; [2004] 2 All ER (D) 124 (Apr)) where it was held that an insurer was not liable to indemnify an insured contractor in respect of loss of profit arising from the closure of an entire cinema complex. The ceiling had collapsed in a single auditorium, but the policy only covered liability for the physical consequences of the damage in the auditorium and the economic losses caused by that physical damage.
590 _aABS
590 _aABS
650 _aHORBURY BUILDING SYSTEMS LTD V HAMPDEN INSURANCE NV
650 _aBUILDING CONTRACTORS
650 _aCEILINGS
650 _aCINEMAS
650 _aINDEMNITY CLAUSES
650 _aAUDITORIA
650 _aINSURANCE POLICIES
650 _aLOSS OF PROFITS
650 _aLIABILITIES
650 _aDAMAGE TO PROPERTY
690 _aINSURANCE-CASE LAW
942 _n0
999 _c117539
_d117539